000 00869cgm a2200277 4500
001 E1369
008 090401t1993 xxu||||| |||| 00| 0 eng d
035 _a(Sirsi) u32629
041 _aeng
050 _a346.41032
100 _aLevine, Marshall
245 _aCollateral warranties No.2 (sound recording).
260 _aLondon
_bRICS
_c1993
300 _a1 sound cassette (60 min.)
350 _a10.21
490 _aOwlion Audio Programme
650 _aAUDIO CASSETTES
650 _aBUILT ENVIRONMENT-BUILDING CONTRACT FORMS
650 _aBUILT ENVIRONMENT-BUILDING CONTRACT FORMS-CONSTRUCTION COLLATERAL WARRANTY FORMS
690 _aBUILT ENVIRONMENT-BUILDING CONTRACT FORMS
700 _aBurch, Simon
710 _aRoyal Institution of Chartered Surveyors
_94900
710 _aCollege of Estate Management
_9400
942 _n0
948 _c04/03/1997
999 _c85202
_d85202